Géographie européenne par lettre - P - Statistiques

Statistiques générales
  • Ce quiz a été pris 1 069 fois
  • Le résultat moyen est 12 sur 20
Statistiques - réponses
indice répondre % Correct
Pays envahi en 1939 Pologne
96%
La Ville-Lumière Paris
94%
Ville avec une tour qui penche Pise
93%
L'Algarve est la région sud de ce pays Portugal
85%
Détruit par le Vésuve Pompéi
84%
Le plus célèbre temple d'Athènes, au sommet d'une colline Parthénon
79%
La plus grande ville de Sicile Palerme
70%
Le point culminant de cette chaîne de montagnes est Aneto, à 3404 m. Pyrénées
62%
Ville où les taureaux courent Pampelune
59%
Capitale de Majorque Palma
57%
Ville écossaise (et aussi australienne) Perth
55%
Ville qui a fusionné avec Buda en 1873 Pest
52%
Bâtiment romain avec un dôme en béton Panthéon
50%
Au 19ème siècle, l'état allemand le plus fort Prusse
49%
2ème plus grande ville française commençant par P Perpignan
42%
Port anglais où les pèlerins sont partis pour l'Amérique Plymouth
33%
Cette ville sur la rivière Vlatava a le drapeau ci-dessus Prague
32%
Anciennement la première province romaine française, Provincia Romana Provence
28%
Une place italienne piazza
26%
Plus haut sommet du Massif Central Puy de Sancy
24%
Aucun quiz correspondant
Distribution des résultats
% des personnes avec chaque résultat
Percentile par nombre de réponses
Votre historique - résultats
Vous n’avez pas pris ce quiz